000 01082nam0a22002651 4500
001 rc\859836
005 20260407094014.0
035 _a(NLR Aleph) 006039618
090 _a7613841
_c7613841
100 _a20041129d1983 |||y0rusy50 ca
101 0 _arus
102 _aRU
105 _aa |||||||||
200 1 _aРоль эпифиза в регуляции вегетативных функций
_e(Темат. сб. науч. тр.)
_fМ-во высш. и сред. спец. образования АзССР
_g[Редкол.: Т.Д. Гаибов (отв. ред.) и др.]
210 _aБаку
_cАзерб. ун-т
_d1983 (вып. дан. 1984)
215 _a151 с.
_cил.
_d20
300 _aЗагл. также: азерб.
320 _aБиблиогр. в конце ст.
702 1 _aГаибов
_bТ.Д.
_4340
712 0 2 _aАзербайджанский университет им. С. М. Кирова
_cБаку
_9331663
_3RU\NLR\AUTH\889917762
801 0 _aRU
_bNLR
_gpsbo
801 1 _aRU
_bELAR
_2rusmarc
852 _aNLR
_j84-3/6565
942 _cBOOK
980 _aNB